Object-oriented software engineering : practical software development using UML and Java (Record no. 5347)

MARC details
000 -LEADER
fixed length control field 00695nam a2200169Ia 4500
003 - CONTROL NUMBER IDENTIFIER
control field SGT
020 ## - INTERNATIONAL STANDARD BOOK NUMBER
International Standard Book Number 9780070587540
082 ## - DEWEY DECIMAL CLASSIFICATION NUMBER
Classification number 5.1
Item number LET
100 ## - MAIN ENTRY--PERSONAL NAME
Personal name Lethbridge, Robert
245 ## - TITLE STATEMENT
Title Object-oriented software engineering : practical software development using UML and Java
260 ## - PUBLICATION, DISTRIBUTION, ETC. (IMPRINT)
Name of publisher, distributor, etc Tata McGraw Hill Education Private Limited
Place of publication, distribution, etc New Delhi
Year of Publication 2010
300 ## - PAGE DESCRIPTION
No. of Pages 497p.
650 ## - SUBJECT ADDED ENTRY--TOPICAL TERM
Topical term or geographic name as entry element COMPUTER SCIENCE
653 ## - KEYWORDS--INDEX TERM
Keyword term SOFTWARE AND SOFTWARE ENGINEERING,REVIEW OF OBJECT ORIENTATION, BASING SOFTWARE DEVELOPMENT ON REUSABLE TECHNOLOGY,DEVELOPING REQUIREMENTS, MODELLING WITH CLASSES, USING DESIGN PATTERNS, FOCUSING ON USERS AND THEIR TASKS
700 ## - ADDED ENTRY--PERSONAL NAME
Personal name Lethbridge, Robert
942 ## - ADDED ENTRY ELEMENTS (KOHA)
Source of classification or shelving scheme Dewey Decimal Classification
Koha item type Books
942 ## - ADDED ENTRY ELEMENTS (KOHA)
-- 1
Holdings
Withdrawn status Lost status Source of classification or shelving scheme Damaged status Not for loan Home library Current library Date acquired SGTU Total Checkouts Full call number Accession No. (Barcode) Date last seen Bill Date Koha item type Date last borrowed
    Dewey Decimal Classification     SGT Engineering Library SGT Engineering Library 15/10/2011 SGTU   5.1 LET FE4219 09/02/2015 09/02/2015 Books  
    Dewey Decimal Classification     SGT Engineering Library SGT Engineering Library 15/10/2011 SGTU 1 5.1 LET FE4220 23/10/2018 09/02/2015 Books 03/10/2018
    Dewey Decimal Classification     SGT Engineering Library SGT Engineering Library 15/10/2011 SGTU   5.1 LET FE4221 09/02/2015 09/02/2015 Books  
    Dewey Decimal Classification     SGT Engineering Library SGT Engineering Library 15/10/2011 SGTU 1 5.1 LET FE4222 19/03/2024 09/02/2015 Books 19/03/2024
    Dewey Decimal Classification     SGT Engineering Library SGT Engineering Library 15/10/2011 SGTU 2 5.1 LET FE4223 27/05/2025 09/02/2015 Books 29/04/2025